000 00219nam a2200121Ia 4500
100 _a#N/A
942 _cBK
654 _aCAD/CAM
245 _aCAD/CAM
260 _bTata McGraw Hil
082 _bRAO
546 _aENGLISH
999 _c30255
_d30255